Justice and security in the 21st century : (Record no. 14849)

000 -LEADER
fixed length control field 04211cam a2200421 a 4500
001 - CONTROL NUMBER
control field 16943846
005 - DATE AND TIME OF LATEST TRANSACTION
control field 20170105102905.0
008 - FIXED-LENGTH DATA ELEMENTS--GENERAL INFORMATION
fixed length control field 110901s2012 enk b 001 0 eng
010 ## - LIBRARY OF CONGRESS CONTROL NUMBER
LC control number 2011036749
Canceled/invalid LC control number 2012002360
020 ## - INTERNATIONAL STANDARD BOOK NUMBER
International Standard Book Number 9780415687270 (hardback)
020 ## - INTERNATIONAL STANDARD BOOK NUMBER
International Standard Book Number 9780203125588 (ebook)
040 ## - CATALOGING SOURCE
Original cataloging agency DLC
Transcribing agency DLC
Modifying agency DLC
042 ## - AUTHENTICATION CODE
Authentication code pcc
043 ## - GEOGRAPHIC AREA CODE
Geographic area code e------
050 00 - LIBRARY OF CONGRESS CALL NUMBER
Classification number KJC9430
Item number .J867 2012
084 ## - OTHER CLASSIFICATION NUMBER
Classification number SOC004000
-- POL037000
-- POL035010
Number source bisacsh
245 00 - TITLE STATEMENT
Title Justice and security in the 21st century :
Remainder of title risks, rights and the rule of Law /
Statement of responsibility, etc. edited by Barbara Hudson and Synnove Ugelvik.
260 ## - PUBLICATION, DISTRIBUTION, ETC.
Place of publication, distribution, etc. Abingdon, Oxon ; New York :
Name of publisher, distributor, etc. Routledge,
Date of publication, distribution, etc. 2012.
300 ## - PHYSICAL DESCRIPTION
Extent xv, 240 p. ;
Dimensions 24 cm.
490 0# - SERIES STATEMENT
Series statement Routledge studies in liberty and security
504 ## - BIBLIOGRAPHY, ETC. NOTE
Bibliography, etc. note Includes bibliographical references and index.
504 ## - BIBLIOGRAPHY, ETC. NOTE
Bibliography, etc. note Includes bibliographical references and index.
505 0# - FORMATTED CONTENTS NOTE
Formatted contents note Who needs justice? who needs security? -- EU citizenship and the new landscape of fundamental rights : a conceptual sea change -- The justice of crimmigration law and the security of home -- Imprisoned on the border : subjects and objects of the state in two Norwegian prisons -- Punishing the uncommitted crime : prevention, pre-emption, precaution and the transformation of criminal law -- Iit takes a crisis : dilemmas of democracy in Norwegian emergency law -- Urbanscapes of injustice and insecurity -- Security, justice and the criminal justice system : remarks on EU criminal law -- Constitutional exceptionalism : efficacy, proportionality and the attenuation of balancing standards -- Policing the law of fear? -- Security versus justice : the individualisation of security and the erosion of citizenship and fundamental rights -- States of security : how the Lisbon treaty changes areas of freedom, security and justice.
520 ## - SUMMARY, ETC.
Summary, etc. "This book examines the question of whether justice or security is the primary virtue of 21st-century society. The problem of enhancing security without undermining justice managing risk without undermining the rule of law has always confronted society. However, recent developments such as new counter-terrorism measures, the expanding scope of criminal law, harsher migration control and an increasingly pronounced concern with public safety, have posed new challenges. According to the authors of this volume, the key element of these contemporary challenges is that of membership and exclusion: that is, who is to be included within the community of justice, and against whom is the just community aiming to defend itself? This book brings together researchers from various academic disciplines and different countries in order to explore these developments. It attempts to chart the complex landscapes of justice, human rights and the rule of law in an era when such ideals are challenged by increasing demands for efficiency, effectiveness, public safety and security. The book comprises four parts, based on their relation to different aspects of these new landscapes of justice and security: Situating the subjects of security, criminalization, control and security; The new balancing of justice and security; Changing structures and concepts of legitimacy.This book will be of much interest to students of critical legal studies, criminology, critical security studies, human rights, sociology and IR in general"--
650 #0 - SUBJECT ADDED ENTRY--TOPICAL TERM
Topical term or geographic name entry element Criminal justice, Administration of
Geographic subdivision Europe.
650 #0 - SUBJECT ADDED ENTRY--TOPICAL TERM
Topical term or geographic name entry element War and emergency legislation
Geographic subdivision Europe.
650 #0 - SUBJECT ADDED ENTRY--TOPICAL TERM
Topical term or geographic name entry element National security
General subdivision Law and legislation
Geographic subdivision Europe.
650 #0 - SUBJECT ADDED ENTRY--TOPICAL TERM
Topical term or geographic name entry element Terrorism
General subdivision Prevention
-- Law and legislation
Geographic subdivision Europe.
650 #0 - SUBJECT ADDED ENTRY--TOPICAL TERM
Topical term or geographic name entry element Civil rights
Geographic subdivision Europe.
650 #7 - SUBJECT ADDED ENTRY--TOPICAL TERM
Topical term or geographic name entry element SOCIAL SCIENCE / Criminology.
Source of heading or term bisacsh
650 #7 - SUBJECT ADDED ENTRY--TOPICAL TERM
Topical term or geographic name entry element POLITICAL SCIENCE / Political Freedom & Security / Terrorism.
Source of heading or term bisacsh
650 #7 - SUBJECT ADDED ENTRY--TOPICAL TERM
Topical term or geographic name entry element POLITICAL SCIENCE / Political Freedom & Security / Human Rights.
Source of heading or term bisacsh
700 1# - ADDED ENTRY--PERSONAL NAME
Personal name Ugelvik, Synnøve,
Dates associated with a name 1978-
700 1# - ADDED ENTRY--PERSONAL NAME
Personal name Hudson, Barbara,
Dates associated with a name 1945-
906 ## - LOCAL DATA ELEMENT F, LDF (RLIN)
a 7
b cbc
c orignew
d 1
e ecip
f 20
g y-gencatlg
942 ## - ADDED ENTRY ELEMENTS (KOHA)
Source of classification or shelving scheme
Koha item type Book
Holdings
Withdrawn status Lost status Damaged status Not for loan Collection code Permanent Location Current Location Shelving location Date acquired Total Checkouts Full call number Barcode Date last seen Price effective from Koha item type
          Centre for International Peace & Stability (CIPS) Centre for International Peace & Stability (CIPS) General Stacks 10/01/2013   323.42 JUS 2012 CIPS0001351 10/22/2013 10/22/2013 Book
© 2023 Central Library, National University of Sciences and Technology. All Rights Reserved.